LIBRARY & INFORMATION CENTRE, KCAET, TAVANUR

ONLINE PUBLIC ACCESS CATALOGUE (OPAC)

Sundials : Their theory and construction / (Record no. 1815)

MARC details
000 -LEADER
fixed length control field 00405cam a2200157ua 4500
020 ## - INTERNATIONAL STANDARD BOOK NUMBER
ISBN 0-486-22947-5
041 ## - LANGUAGE CODE
Language code of text/sound track or separate title eng
082 ## - DEWEY DECIMAL CLASSIFICATION NUMBER
Classification number 681.111
Item number WAU/SU
100 ## - MAIN ENTRY--AUTHOR NAME
Personal name Waugh, Albert.E .
245 ## - TITLE STATEMENT
Title Sundials : Their theory and construction /
260 ## - PUBLICATION, DISTRIBUTION, ETC. (IMPRINT)
Place of publication :
Name of publisher Dover Publications ,
Year of publication 1972.
300 ## - PHYSICAL DESCRIPTION
Number of Pages 245 ; .
942 ## - ADDED ENTRY ELEMENTS (KOHA)
Koha item type Books
Holdings
Withdrawn status Lost status Damaged status Home library Current library Date acquired Full call number Accession Number Koha item type
      KAUAET KAUAET 02/09/1986 681.111 15653 Books
free website counter